000 00581nam a2200193Ia 4500
003 OSt
005 20200729111350.0
008 190216s9999||||xx |||||||||||||| ||und||
020 _a9780521682152
040 _coclc
082 _a515.9
_bABL/C
100 _aAblowitz, Mark J
_93836
245 0 _aComplex Variables :
_bIntroduction And Applications /
_cMark J Ablowitz ; Athanassios S Fokas
250 _a2nd Ed.
260 _bCambridge Uty Press,
_aUK:
_c2003.
300 _a647p
650 _aMathematics
942 _cBK
_2ddc
_h515.9
_iABL/C
_k515.9
_mABL/C
999 _c32051
_d32051